000 00314nam a22001337a 4500
999 _c161765
_d161765
020 _a
082 _a
_b
100 _aTomoko Kikuchi
245 _aMahadevi Verma ki vishnadristti/
_cby Tomoko Kikuchi.
260 _aNew Delhi:
_bParmeshwari Prakashan,
_c2009.
300 _a200p.
650 _a
942 _cBK